Các vị thần trong phật giáo Trung Quốc
保存先:
| 第一著者: | |
|---|---|
| フォーマット: | 図書 |
| 言語: | Undetermined |
| 出版事項: |
VHTT
2002
|
| 主題: | |
| タグ: |
タグ追加
タグなし, このレコードへの初めてのタグを付けませんか!
|
| Thư viện lưu trữ: | Trung tâm Học liệu Trường Đại học Cần Thơ |
|---|
| LEADER | 00454nam a2200145Ia 4500 | ||
|---|---|---|---|
| 001 | CTU_50171 | ||
| 008 | 210402s9999 xx 000 0 und d | ||
| 082 | |a 294.343 | ||
| 100 | |a MÃ THƯ ĐIỀN | ||
| 245 | 0 | |a Các vị thần trong phật giáo Trung Quốc | |
| 245 | 0 | |c MÃ THƯ ĐIỀN | |
| 260 | |b VHTT | ||
| 260 | |c 2002 | ||
| 650 | |a buddhism - china - customs and practices | ||
| 980 | |a Trung tâm Học liệu Trường Đại học Cần Thơ | ||